00490cam a22002051 4500001001300000003000400013005001700017008004100034010001700075035002000092040001800112042001200130050001900142100002800161245001800189260001000207300002200217500001400239600003100253sa 64006439 DLC20260227112039.0890719s1964 ii 000 0 hino  asa 64006439  a(OCoLC)20037122 aDLCcWaUdDLC apremarc00aPK2095.S8bZ561 aBhushan, Bharat,d1949-00aSūradāsa. c1964. a4, 240 p.c19 cm. aIn Hindi.00aSūradāsa,d1483?-1563?